000 00281nam a22001337a 4500
008 170223b xxu||||| |||| 00| 0 eng d
020 _a0803616139
041 _aeng
080 _22ND
_a61
100 _a4
101 _aSHM
245 _aSHOULDER PAIN
_cCAILLET, R
942 _2udc
_cBK
999 _c6149
_d6149